|
|
|
|
| LEADER |
00000nam a2200000 a 4500 |
| 001 |
vtls011472794 |
| 003 |
SK-MaSNL |
| 005 |
20260301220054.0 |
| 008 |
240318s2015 xxkda e p 001 0 eng |
| 020 |
|
|
|a 9781107416536
|q (brož.)
|
| 040 |
|
|
|a SNK
|b slo
|c SNK
|e AACR2
|
| 041 |
0 |
|
|a eng
|
| 044 |
|
|
|a xxk
|c GB
|
| 072 |
|
7 |
|a 34
|x Právo
|2 konspekt
|
| 080 |
|
|
|a 341.171
|2 2001
|
| 080 |
|
|
|a (048.8)
|2 2001
|
| 080 |
|
|
|a (4)
|2 2001
|
| 100 |
1 |
|
|a Schütze, Robert
|4 aut
|9 606736
|
| 245 |
1 |
0 |
|a European Union Law
|c Robert Schütze
|
| 250 |
|
|
|a 1st publ.
|
| 260 |
|
|
|a Cambridge
|b Cambridge University Press
|c 2015
|
| 300 |
|
|
|a cxiii, 946 s.
|b grafy, tab.
|c 25 cm
|
| 650 |
0 |
7 |
|a európske právo
|2 SNKPH
|9 4431
|
| 650 |
0 |
7 |
|a European law
|2 SNKPHeng
|9 270889
|
| 651 |
|
7 |
|a krajiny Európskej únie
|2 SNKPH
|9 31482
|
| 651 |
|
7 |
|a European Union countries
|2 SNKPHeng
|9 276031
|
| 655 |
|
7 |
|a učebnice
|2 SNKPH
|9 22521
|
| 655 |
|
7 |
|a Textbooks
|2 SNKPHeng
|9 276731
|
| 919 |
|
|
|a 978-1-107-41653-6
|
| 999 |
|
|
|c 930506
|d 932436
|
| 952 |
|
|
|t snkSCHU 341(4)
|a SNKUST
|b SNKUST
|y PREZ
|7 0
|p 17A1124616
|o snkIC 142377
|i snk2016/3979
|8 3
|g 72.20
|0 0
|1 0
|4 0
|d 2016-02-15
|l 0
|r 2025-05-28 00:00:00
|w 2026-02-24
|